000 00234 a2200097 4500
001 40000
100 _aCoddington E A
245 _aTheory of Differential Equation
260 _aNew Dehli
_bTata McGraw Hill
_c
090 _c24988
_d24988
942 _aNUST-CAE
_cM
_c16655
999 _c275073
_d275073